000 00787nam a22002651 4500
001 10778
003 BD-RjUL
005 20211208235020.0
008 140125s1964 nyuab b 001 0 eng d
035 _a(BD-RjUL)10827
040 _aDLC/ICU
_cICU
_dDLC
_dBD-RjUL
_beng
041 1 _aengfre
082 0 0 _a551.22
_bTAW 1964
100 1 _aTazieff, Haroun,
_d1914-
_933335
245 1 0 _aWhen the earth trembles :
_cTranslated from the French by Patrick O'Brian /
250 _a[1st ed.].
260 _aNew York,
_bHarcourt, Brace & World
_cc1964
300 _ax, 245 p.
_billus., maps.
_c20 cm.
504 _aBibliography: p. 232-235.
650 0 _aEarthquakes.
_933336
942 _2ddc
_cBK
999 _c10778
_d10778